| 000 | 00699na a2200229 4500 | ||
|---|---|---|---|
| 001 | 13279 | ||
| 003 | MIRAKIL | ||
| 005 | 20181213155029.0 | ||
| 008 | 161010b tu 000 0 | ||
| 020 | _a9789756128091 | ||
| 035 | _a13279 | ||
| 040 |
_aMilas _btur _cTR-AnCHP |
||
| 082 |
_a923.3 Demirdöğen,S. _bD35t 2007 |
||
| 090 | _a923.3 Demirdöğen,S. D35t 2007 | ||
| 100 | _aDemirdöğen, Sabri | ||
| 245 |
_aTörelere boyun eğmedim _cSabri Demirdöğen |
||
| 260 |
_aİstanbul _bArkaplan Müzik Basın Yayın _c2007 |
||
| 300 |
_a399 s. _bfotğ. _c23 sm. |
||
| 600 |
_aDemirdöğen, Sabri _d1948- _xÖz yaşamöyküsü |
||
| 650 |
_aSiyaset adamları _xYaşamöyküsü |
||
| 942 |
_2ddc _cBKS |
||
| 999 |
_c5141 _d5141 |
||